| 000 | 00359nam a2200145Ia 4500 | ||
|---|---|---|---|
| 008 | 230917s9999||||xx |||||||||||||| ||und|| | ||
| 040 |
_e194264 _aMAIN |
||
| 041 | _aEnglish | ||
| 082 | _a005.1 M687S | ||
| 100 | _aMishra, Jibitesh | ||
| 245 | 0 | _aSoftware engineering | |
| 260 |
_aNew Delhi _bPearson Education _c2012 |
||
| 300 | _axii, 387 p. | ||
| 942 | _cBK | ||
| 999 |
_c157873 _d157873 |
||